Historia del derecho

Guardado en:
Detalles Bibliográficos
Autor principal: Eyzaguirre Gutiérrez, Jaime (autor)
Formato: Libro
Lenguaje:español
Publicado: Santiago Universitaria 1980
Edición:5a. ed
Colección:Manuales y Monografías
Materias:
Etiquetas: Agregar Etiqueta
Sin Etiquetas, Sea el primero en etiquetar este registro!

MARC

LEADER 00000nam a2200000 a 4500
001 UCT6943
003 CL-VaPUC
008 970113e19800000CL |||||||||||||||||spa|d
082 0 4 |a 340.09  |b EYZ  |2 21 
100 |a Eyzaguirre Gutiérrez, Jaime  |e autor  |9 584583 
245 1 0 |a Historia del derecho 
250 |a 5a. ed 
300 |a 226 p 
942 |c BK 
945 |d 19970113 00:00:00  |a paguirre 
260 |a Santiago  |b Universitaria  |c 1980 
650 7 |a DERECHO  |2 CL-VaPUC  |9 377397 
650 0 |a Historia  |9 255047 
650 0 |a Historia del derecho  |9 255109 
650 0 |a Derecho romano  |9 255930 
650 0 |a Jurisprudencia  |9 255952 
650 0 |a Códigos  |9 352314 
650 0 |a Derecho político   |9 257756 
650 0 |a Derecho procesal penal  |9 255496 
583 |a last modification  |c 19970113 00:00:00  |k Rodrigo Vera 
490 0 |a Manuales y Monografías 
999 |c 255612  |d 255610 
952 |0 0  |1 0  |4 0  |6 340_090000000000000_EYZ_1980  |7 0  |8 DER_HIS  |9 277929  |a BIBDER  |b BIBDER  |d 2019-11-19  |i 188719K  |o 340.09 EYZ 1980  |p 188719K  |r 2023-01-25  |w 2019-11-19  |x Ubicación 4to Piso  |y BK  |z Estos recursos deben solicitarse con anticipación  |k DER